| 000 | 00325nam a22001217a 4500 | ||
|---|---|---|---|
| 020 | _a0-07-053553-1 | ||
| 082 | _a621.4022 HAN'R | ||
| 100 |
_aROHSANOW, W.M ,LARTNETT, J.P ,GAMIC, E.N _976666 |
||
| 245 | _aHANDBOOK OF HEAT TRANSFER APPLICATIONS | ||
| 260 |
_aNEWYORK _bMCGRAW HILL _c1985 |
||
| 300 | _aXI-12-94P | ||
| 942 | _cBK | ||
| 999 |
_c582020 _d582020 |
||